| 000 | 00821nam a2200217 a 4500 | ||
|---|---|---|---|
| 001 | 49159 | ||
| 003 | BD-RjUL | ||
| 005 | 20211209054637.0 | ||
| 008 | 160818s1982 bg ||||| |||| 00| 0 ben d | ||
| 035 | _a(BD-RjUL)49278 | ||
| 040 |
_aBD-RjUL _bben _cBD-RjUL |
||
| 041 | _aben | ||
| 082 |
_223 _a590 _bKOB 1982 |
||
| 100 |
_aকবির, সৈয়দ মোহাম্মদ হুমায়ুন _9147794 |
||
| 245 | 1 | 0 |
_aসাধারণ প্রাণিবিদ্যা / _cসৈয়দ মোহাম্মদ হুমায়ুন কবির |
| 260 |
_aঢাকা : _bবাংলা একাডেমী, _c১৯৮২ |
||
| 300 |
_a[৮],৩২৪ পৃ.; _c২৩ সেমি. |
||
| 650 |
_aপ্রাণিবিদ্যা _9147795 |
||
| 650 |
_aZoology _9147796 |
||
| 942 |
_2ddc _cBK |
||
| 999 |
_c49159 _d49159 |
||